All Desperado Upgrades - Bloons TD 6 - Statistics

General Stats
  • This quiz has been taken 8 times
  • The average score is 11 of 15
Answer Stats
Upgrade % Correct
Bullseye
100%
The Blazing Sun
100%
Twin Sixes
100%
Bounty Hunter
83%
Golden Justice
83%
The Desert Phantom
83%
Wanderer
83%
Big Iron
67%
Enforcer
67%
Nomad
67%
Quickdraw
67%
Avenger
50%
Deadeye
50%
Eagle Eye
50%
Standoff
50%
No matching quizzes found
Score Distribution
Percent of People with Each Score
Percentile by Number Answered
Your Score History
You have not taken this quiz